La misión de la universidad: educar para la ciudadanía en el siglo XXI

Sábháilte in:
Sonraí bibleagrafaíochta
Príomhchruthaitheoir: Cortina Orts, Adela (Údar)
Formáid: LEABHAR
Teanga:Spáinnis
Foilsithe / Cruthaithe: Valparaíso Pontificia Universidad Católica de Valparaíso 2005
Ábhair:
Clibeanna: Cuir clib leis
Níl clibeanna ann, Bí ar an gcéad duine le clib a chur leis an taifead seo!

MARC

LEADER 00000nam a2200000 a 4500
001 UCK6169
003 CL-VaPUC
008 050909e20050000CL |||||||||||||||||spa|d
082 0 4 |a 378.001  |b COR  |2 21 
100 0 |a Cortina Orts, Adela  |e author  |9 495215 
245 1 3 |a La misión de la universidad: educar para la ciudadanía en el siglo XXI 
300 |a 24 p 
942 |c BK 
945 |d 20050909 00:00:00  |a cmena 
260 |a Valparaíso  |b Pontificia Universidad Católica de Valparaíso  |c 2005 
500 |a Discurso: Inauguración del Año Académico, 30 de marzo de 2005 
650 0 |a Universidades  |9 256317 
650 0 |a Educación superior   |9 223851 
650 0 |a Filosofía de la educación   |9 258384 
650 0 |a Cambio social   |9 256857 
583 |a last modification  |c 20050909 00:00:00  |k Rodrigo Vera 
999 |c 314489  |d 314487 
952 |0 0  |1 0  |4 0  |6 378_001000000000000_COR_2005  |7 0  |8 A  |9 386786  |a BIBGIM  |b BIBGIM  |d 2019-11-22  |i 416363K  |o 378.001 COR 2005  |p 416363K  |r 2025-01-15  |w 2019-11-22  |y BK  |k GIM 
952 |0 0  |1 0  |4 0  |6 378_001000000000000_COR_2005  |7 0  |8 P  |9 386787  |a BIBEDU  |b BIBEDU  |c BIBEDU_PB  |d 2019-11-22  |i 4564030  |l 2  |m 1  |o 378.001 COR 2005  |p 4564030  |r 2024-08-14  |s 2024-07-29  |w 2019-11-22  |y BK  |k BME 
952 |0 0  |1 0  |4 0  |6 378_001000000000000_COR_2005  |7 0  |8 X  |9 386788  |a FDOBUD  |b FDOBUD  |d 2019-11-22  |i 4687507  |o 378.001 COR 2005  |p 4687507  |r 2019-11-22  |w 2019-11-22  |y BK_X  |k FHP 
952 |0 0  |1 0  |4 0  |6 378_001000000000000_COR_2005  |7 0  |8 X  |9 386789  |a FDOBUD  |b FDOBUD  |d 2019-11-22  |i 4687515  |o 378.001 COR 2005  |p 4687515  |r 2019-11-22  |w 2019-11-22  |y BK_X  |k FHP